| 000 | 00595cam a2200229u 4500 | ||
|---|---|---|---|
| 999 |
_c8666 _d8666 |
||
| 001 | 8666 | ||
| 003 | BD-JhCC | ||
| 005 | 20180307091807.0 | ||
| 008 | 840608s1962 nyu 000 0 eng | ||
| 035 | _a(BD-JhCC)8666 | ||
| 040 |
_aDLC _cCarP _dDLC |
||
| 041 | _aeng | ||
| 050 | 0 | 0 |
_aPE1111 _b.S67825 |
| 082 |
_bSTR 1962 _a425 |
||
| 100 | 1 | _aStrang, Barbara M. H. | |
| 245 | 1 | 0 |
_aModern English structure / _cBarbara M. H. Strang, |
| 260 |
_aNew York, _bSt. Martin's Press, _c1962. |
||
| 300 |
_a201 p. _c23 cm. |
||
| 650 |
_aEnglish language _xGrammar |
||
| 942 |
_2ddc _cBK |
||